000
00283nam a2200109Ia 4500
008
230907s9999||||xx |||||||||||||| ||und||
082
_a
658.4012
_b
HIT
100
_a
Hitt, Michael A.
_9
112295
245
0
_a
Strategic management :
300
_a
xxiv, 404, I-1-I-28 pages :
942
_c
BK
999
_c
601139
_d
601139